La arquitectura de México en el siglo XVI /

保存先:
書誌詳細
第一著者: Gante, Pablo C. de (autor)
フォーマット: 図書
言語:スペイン語
出版事項: México : Porrúa, 1954, c1954
版:2a edición
主題:
タグ: タグ追加
タグなし, このレコードへの初めてのタグを付けませんか!

MARC

LEADER 00000nam^a2200000^a^4500
001 000125297
005 20250521000000.0
009 20260310094646.792
037 |a Acervo ITESO - Biblioteca 
041 |a ESP 
082 |a 720. 97203  |b GAN 
100 |a Gante, Pablo C. de  |e (autor) 
245 1 3 |a La arquitectura de México en el siglo XVI /  |c P.C. de Gante. 
250 |a 2a edición  |b revisada y aumentada 
264 4 |a México :  |b Porrúa,  |c 1954, c1954 
300 |a XXIV, 328 p. 
336 |a texto  |b txt  |2 rdacontenido 
337 |a sin mediación  |b n  |2 rdamedio 
338 |a volumen  |b nc  |2 rdasoporte 
649 |a XX 
650 |a Arquitectura Virreinal -  |z México 
650 |a Arquitectura Mexicana 
650 |a Arte Virreinal -  |z México 
650 |a Arte Mexicano 
650 |a México -  |x Historia -  |y Siglo XVI 
650 |a México -  |x Historia -  |y Epoca Colonial, 1517-1821 
910 |a Fondo Salvador Reynoso Reynoso 
920 |a Impresos - Libros 
930 |a Fondos Especiales 
905 |a 112 
901 |a 0800008100  |b IT2  |c ESP  |u 20250521 
902 |a https://opac.biblio.iteso.mx/vufind/Record/000125297